000 00233nam a2200097Ia 4500
008 190216s9999||||xx |||||||||||||| ||und||
100 _aEarnest Gowers Sir
245 4 _aThe Complete Plain Words
260 _bPenguin Books
942 _cBK
999 _c11569
_d11569